[Rezension von: Kusche, Sebastian, Kuradministration, Luthertum und Territorium : Staats- und Kirchenbildung in Kursachsen am Ende des Reformationsjahrhunderts]
| Main Author: | |
|---|---|
| Contributors: | |
| Format: | Electronic Review |
| Language: | English |
| Check availability: | HBZ Gateway |
| Interlibrary Loan: | Interlibrary Loan for the Fachinformationsdienste (Specialized Information Services in Germany) |
| Published: |
2024
|
| In: |
Zeitschrift der Savigny-Stiftung für Rechtsgeschichte. Kanonistische Abteilung
Year: 2024, Volume: 110, Issue: 1, Pages: 425-431 |
| Review of: | Kuradministration, Luthertum und Territorium (Leipzig : Sächsische Akademie der Wissenschaften zu Leipzig, 2022) (Krzenck, Thomas)
Kuradministration, Luthertum und Territorium (Stuttgart : Franz Steiner, 2023) (Krzenck, Thomas) Kuradministration, Luthertum und Territorium (Stuttgart : Franz Steiner Verlag, 2023) (Krzenck, Thomas) |
| Further subjects: | B
Book review
|
| Online Access: |
Volltext (lizenzpflichtig) |
MARC
| LEADER | 00000naa a22000002c 4500 | ||
|---|---|---|---|
| 001 | 1917133154 | ||
| 003 | DE-627 | ||
| 005 | 20250212151438.0 | ||
| 007 | cr uuu---uuuuu | ||
| 008 | 250212s2024 xx |||||oo 00| ||eng c | ||
| 024 | 7 | |a 10.1515/zrgk-2024-0036 |2 doi | |
| 035 | |a (DE-627)1917133154 | ||
| 035 | |a (DE-599)KXP1917133154 | ||
| 040 | |a DE-627 |b ger |c DE-627 |e rda | ||
| 041 | |a eng | ||
| 084 | |a 1 |2 ssgn | ||
| 100 | 1 | |e VerfasserIn |0 (DE-588)1016905998 |0 (DE-627)671852566 |0 (DE-576)322246202 |4 aut |a Krzenck, Thomas |d 1959- | |
| 109 | |a Krzenck, Thomas 1959- | ||
| 245 | 1 | 0 | |a [Rezension von: Kusche, Sebastian, Kuradministration, Luthertum und Territorium : Staats- und Kirchenbildung in Kursachsen am Ende des Reformationsjahrhunderts] |
| 264 | 1 | |c 2024 | |
| 336 | |a Text |b txt |2 rdacontent | ||
| 337 | |a Computermedien |b c |2 rdamedia | ||
| 338 | |a Online-Ressource |b cr |2 rdacarrier | ||
| 601 | |a Sebastiane | ||
| 601 | |a Luthertum | ||
| 601 | |a Territorium | ||
| 655 | 7 | |a Rezension |0 (DE-588)4049712-4 |0 (DE-627)106186019 |0 (DE-576)209083166 |2 gnd-content | |
| 700 | 1 | |e VerfasserIn des Bezugswerks |0 (DE-588)1281238813 |0 (DE-627)183694232X |4 ant |a Kusche, Sebastian | |
| 773 | 0 | 8 | |i Enthalten in |a Savigny-Stiftung |t Zeitschrift der Savigny-Stiftung für Rechtsgeschichte. Kanonistische Abteilung |d Berlin : De Gruyter, 1911 |g 110(2024), 1, Seite 425-431 |h Online-Ressource |w (DE-627)756824494 |w (DE-600)2727343-X |w (DE-576)392067374 |x 2304-4896 |7 nnas |
| 773 | 1 | 8 | |g volume:110 |g year:2024 |g number:1 |g pages:425-431 |
| 787 | 0 | 8 | |i Rezension von |a Kusche, Sebastian |t Kuradministration, Luthertum und Territorium |d Leipzig : Sächsische Akademie der Wissenschaften zu Leipzig, 2022 |h 737 Seiten |w (DE-627)1830831224 |z 9783515134170 |
| 787 | 0 | 8 | |i Rezension von |a Kusche, Sebastian |t Kuradministration, Luthertum und Territorium |d Stuttgart : Franz Steiner, 2023 |h 1 Online-Ressource (737 Seiten) |w (DE-627)183412042X |z 9783515134187 |
| 787 | 0 | 8 | |i Rezension von |a Kusche, Sebastian |t Kuradministration, Luthertum und Territorium |b 1st ed. |d Stuttgart : Franz Steiner Verlag, 2023 |h 1 online resource (739 pages) |w (DE-627)1831749807 |z 9783515134187 |
| 856 | 4 | 0 | |u https://doi.org/10.1515/zrgk-2024-0036 |x Resolving-System |z lizenzpflichtig |3 Volltext |7 1 |
| 935 | |a KALD | ||
| 951 | |a AR | ||
| CAN | |a 1 | ||
| ELC | |a 1 | ||
| ITA | |a 1 |t 1 | ||
| LOK | |0 000 xxxxxcx a22 zn 4500 | ||
| LOK | |0 001 4663790666 | ||
| LOK | |0 003 DE-627 | ||
| LOK | |0 004 1917133154 | ||
| LOK | |0 005 20250212151406 | ||
| LOK | |0 008 250212||||||||||||||||ger||||||| | ||
| LOK | |0 040 |a DE-Tue135-1 |c DE-627 |d DE-Tue135-1 | ||
| LOK | |0 852 |a DE-Tue135-1 | ||
| LOK | |0 852 1 |m p |9 00 | ||
| LOK | |0 852 2 |b www |9 00 | ||
| LOK | |0 85640 |u https://bibsearch.uibk.ac.at/permalink/f/1po5meu/UIB_alma51202023460003333 | ||
| LOK | |0 935 |a inzs |a inzo | ||
| LOK | |0 938 |k p | ||
| LOK | |0 939 |a 12-02-25 |b l01 | ||
| ORI | |a SA-MARC-ixtheoa001.raw | ||
| SUB | |a CAN | ||